• 首页
  • 本馆介绍
  • 公告通知
  • 最新文献
  • 馆藏检索
  • 电子资源
  • 读者导购
  • 参考咨询
  • 我的图书馆
  • 登录
  • 详细信息显示
  • 放入我的书架
  • 预约/预借图书
  • 作者相关作品
  • 分类相关作品
  • 丛书相关作品
  • 出版社相关作品

书目信息

  • 表格格式
  • 工作单格式
  • 卡片格式
题名:
港口物流园区战略管理
    
 
作者: 顾亚竹 著
分册:  
出版信息: 北京   中国物资出版社  2008.05
页数: 206页
开本: 24cm
丛书名: 中国物流专家专著系列
单 册:
中图分类: U695.2
科图分类:
主题词: 港口--物流--工业区--经济管理 , 港口 , 物流 , 工业区 , 经济管理
电子资源:
ISBN: 978-7-5047-2836-4
000 01007oam2 2200313 450
001 010300001038
005 20091207101051.69
010    @a978-7-5047-2836-4@dCNY25.00
100    @a20080513d2008 em y0chiy0110 ea
101 0  @achi
102    @aCN@b110000
105    @aak z 000yy
106    @ar
200 1  @a港口物流园区战略管理@9gang kou wu liu yuan qu zhan lue guan li@f顾亚竹著
210    @a北京@c中国物资出版社@d2008.05
215    @a206页@c图@d24cm
225 2  @a中国物流专家专著系列
300    @a上海市教委科技项目资助 (编号:06FS050)
330    @a本书分析了港口物流园区发展实践,提出港口物流园区发展和研究中存在的问题,并对战略管理基石理论以及物流园区战略研究现状进行了文献综述。
461  0 @12001 @a中国物流专家专著系列
606 0  @a港口@x物流@x工业区@x经济管理
606 0  @a港口
606 0  @a物流
606 0  @a工业区
606 0  @a经济管理
690    @aU695.2@v4
701  0 @a顾亚竹@9gu ya zhu@4著
801  0 @aCN@bRENTIAN@c20091207
905    @b20796699-704@dU695.2@e193@f6
    
    港口物流园区战略管理/顾亚竹著.-北京:中国物资出版社,2008.05
    206页:图;24cm.-(中国物流专家专著系列)
    上海市教委科技项目资助 (编号:06FS050)
    
    ISBN 978-7-5047-2836-4:CNY25.00
    本书分析了港口物流园区发展实践,提出港口物流园区发展和研究中存在的问题,并对战略管理基石理论以及物流园区战略研究现状进行了文献综述。
●
相关链接 在E读中查询图书 在五车中查询图书 在当当中查询图书 在豆瓣中查询图书


正题名:港口物流园区战略管理     索取号:U695.2/193         预约/预借

序号 登录号 条形码 馆藏地/架位号 状态 备注
1 796699   207966995   第二样本阅览室/ [索取号:U695.2/193] 在馆    
2 796700   207967002   第三借阅区/ [索取号:U695.2/193] 在馆    
3 796701   207967011   第三借阅区/ [索取号:U695.2/193] 在馆    
4 796702   207967020   第三借阅区/ [索取号:U695.2/193] 在馆    
5 796703   207967039   第三借阅区/ [索取号:U695.2/193] 在馆    
6 796704   207967048   第三借阅区/ [索取号:U695.2/193] 在馆    
唐山师范学院图书馆 欢迎您!
大连网信软件有限公司© 版权所有